Loading...
| History - American History | 0 | 11 | 0 | 3 | 110 | 55 | 112.91 | 1 | 2 |
| Religion | 0 | 11 | 1 | 3 | 105 | 45 | 87.82 | 2 | 4 |
| History - European History | 0 | 10 | 0 | 4 | 100 | 41 | 110.00 | 0 | 1 |
| Science - Other Science | 0 | 9 | 1 | 2 | 85 | 50 | 103.11 | 0 | 0 |
| Geography | 0 | 8 | 0 | 2 | 80 | 60 | 98.75 | 0 | 3 |
| Social Science | 0 | 8 | 3 | 1 | 65 | 42 | 109.13 | 1 | 1 |
| Any History | 0 | 7 | 2 | 0 | 60 | 67 | 102.14 | 0 | 1 |
| Science - Biology | 0 | 5 | 0 | 0 | 50 | 83 | 104.60 | 0 | 0 |
| Current Events | 0 | 5 | 0 | 1 | 50 | 74 | 110.40 | 0 | 1 |
| History - World History | 0 | 5 | 1 | 1 | 45 | 44 | 97.40 | 0 | 1 |
| Science - Chemistry | 0 | 5 | 1 | 2 | 45 | 107 | 122.80 | 0 | 0 |
| Mythology | 0 | 4 | 0 | 1 | 40 | 91 | 123.75 | 0 | 0 |
| Other Academic | 0 | 4 | 0 | 0 | 40 | 66 | 100.00 | 1 | 1 |
| Science - Physics | 0 | 4 | 1 | 2 | 35 | 120 | 133.50 | 0 | 0 |
| Literature - European Literature | 0 | 3 | 0 | 1 | 30 | 65 | 115.33 | 0 | 0 |
| Fine Arts - Other Fine Arts | 0 | 3 | 0 | 0 | 30 | 96 | 99.33 | 0 | 1 |
| Literature - American Literature | 0 | 3 | 0 | 0 | 30 | 70 | 108.33 | 0 | 0 |
| Literature - World Literature | 0 | 2 | 1 | 1 | 15 | 153 | 153.50 | 0 | 0 |
| Philosophy | 0 | 2 | 1 | 2 | 15 | 136 | 138.50 | 0 | 0 |
| Fine Arts - Classical Music | 0 | 1 | 0 | 0 | 10 | 108 | 108.00 | 0 | 0 |
| Painting & Sculpture | 0 | 1 | 0 | 1 | 10 | 148 | 148.00 | 0 | 0 |
| Literature - British Literature | 0 | 0 | 1 | 0 | -5 | 0.00 | 0 | 0 |